Estudio microbiológico y clínico de la difteria / (Record no. 117529)

MARC details
000 -LEADER
campo de control de longitud fija 00527nam a2200169 4500
001 - NÚMERO DE CONTROL
campo de control 117529
003 - IDENTIFICADOR DE NÚMERO DE CONTROL
campo de control ES-MaACL
005 - FECHA Y HORA DE LA ÚLTIMA TRANSACCIÓN
campo de control 20230906190926.0
007 - CAMPO FIJO DE DESCRIPCIÓN FÍSICA--INFORMACIÓN GENERAL
campo de control de longitud fija t|
008 - DATOS DE LONGITUD FIJA--INFORMACIÓN GENERAL
campo de control de longitud fija 070214s1902 sp r ||||1| spa d
100 1# - ENTRADA PRINCIPAL--NOMBRE DE PERSONA
Nombre de persona Pedreira Labadie, Angel.
9 (RLIN) 89900
245 10 - MENCIÓN DEL TÍTULO
Título Estudio microbiológico y clínico de la difteria /
Mención de responsabilidad, etc. Tesis que presenta Angal Pedreira Labadie.
260 ## - PUBLICACIÓN, DISTRIBUCIÓN, ETC.
Lugar de publicación, distribución, etc. Santiago :
Nombre del editor, distribuidor, etc. [s.n.],
Fecha de publicación, distribución, etc. [1902?] (
Fabricante Tip. Galaica)
300 ## - DESCRIPCIÓN FÍSICA
Extensión 33 p. ;
Dimensiones 26 cm.
852 ## - LOCALIZACIÓN
Ubicación ES-MaACL
Número de control de estantería T-1315-F-10
852 ## - LOCALIZACIÓN
Ubicación ES-MaACL
Número de control de estantería T-1053-F-6
Holdings
Estatus retirado Estado de pérdida Estado de daño No para préstamo Colección Biblioteca de origen Biblioteca actual Ubicación en estantería Fecha de adquisición Fuente de adquisición Total de préstamos Signatura topográfica completa Código de barras Visto por última vez Precio de reemplazo Tipo de ítem Koha
        Colección de folletos Biblioteca del Ateneo de Madrid Biblioteca del Ateneo de Madrid Depósito folletos 19/07/2012     T-1053-F-6 1190027 23/02/2023 23/02/2023 Folleto
        Colección de folletos Biblioteca del Ateneo de Madrid Biblioteca del Ateneo de Madrid Depósito folletos 17/01/2008     T-1315-F-10 1122532 23/02/2023 23/02/2023 Folleto